[Event "Madrid-ch Previa B"]
[Site "Madrid ESP"]
[Date "2014.03.01"]
[Round "9.8"]
[White "Munoz Cebey, Ricardo"]
[Black "Morona Minguez, Miguel"]
[Result "0-1"]
[WhiteElo "1878"]
[BlackElo "1622"]
[PlyCount "68"]
[EventDate "2014.02.06"]
[EventType "swiss"]
[EventRounds "9"]
[EventCountry "ESP"]
[Source "lmi"]
[SourceDate "2014.02.06"]

1. c4 e5 2. Nc3 Nf6 3. g3 Bc5 4. Bg2 Nc6 5. d3 O-O 6. Nf3 d6 7. O-O Re8 8. e3
Bg4 9. h3 Bxf3 10. Bxf3 Qd7 11. Bg2 Rab8 12. a3 a6 13. b4 Ba7 14. Bb2 Ne7 15.
d4 Ng6 16. Qd2 c6 17. Rad1 exd4 18. exd4 d5 19. cxd5 Nxd5 20. Nxd5 cxd5 21.
Rfe1 Re6 22. Rxe6 fxe6 23. Re1 Rf8 24. Qe2 Rf6 25. f4 Ne7 26. Kh2 Nf5 27. Rd1
Qc7 28. Rd3 Rg6 29. Bxd5 Nxg3 30. Bxe6+ Kf8 31. Rxg3 Qxf4 32. Qf3 Bb8 33. Bg4
Qxf3 34. Bxf3 Rxg3 0-1

[Event "Madrid-ch Previa B"]
[Site "Madrid ESP"]
[Date "2014.03.01"]
[Round "9.9"]
[White "Fernandez Rios, Jose Francisco"]
[Black "Garcia Serrano, Jose M. Ii"]
[Result "0-1"]
[WhiteElo "1649"]
[BlackElo "1835"]
[PlyCount "70"]
[EventDate "2014.02.06"]
[EventType "swiss"]
[EventRounds "9"]
[EventCountry "ESP"]
[Source "lmi"]
[SourceDate "2014.02.06"]

1. d4 d5 2. c4 Nc6 3. Nf3 Bg4 4. Nc3 e6 5. Bf4 Nf6 6. e3 Bd6 7. Bxd6 Qxd6 8.
cxd5 exd5 9. Be2 O-O 10. O-O Ne4 11. Rc1 Rad8 12. Nd2 Nxc3 13. Rxc3 Bxe2 14.
Qxe2 f5 15. Qb5 Rb8 16. Rfc1 f4 17. exf4 Nxd4 18. Qf1 Rbe8 19. Re3 Qxf4 20.
Rce1 Rxe3 21. fxe3 Qxf1+ 22. Nxf1 Ne6 23. Nd2 Kf7 24. b4 Ke7 25. a4 a6 26. Nb3
b6 27. Rd1 Rd8 28. Nd4 Nxd4 29. Rxd4 c5 30. bxc5 bxc5 31. Rg4 Kf6 32. Kf2 c4
33. Ke2 Rb8 34. Kd2 Rb4 35. Rd4 Ke5 0-1

[Event "Madrid-ch Previa B"]
[Site "Madrid ESP"]
[Date "2014.03.01"]
[Round "9.10"]
[White "Martinez Rubio, Felipe"]
[Black "Bento Iglesias, Pablo"]
[Result "1-0"]
[WhiteElo "1805"]
[BlackElo "1601"]
[PlyCount "111"]
[EventDate "2014.02.06"]
[EventType "swiss"]
[EventRounds "9"]
[EventCountry "ESP"]
[Source "lmi"]
[SourceDate "2014.02.06"]

1. d4 Nf6 2. Bg5 e6 3. Nf3 c5 4. e3 cxd4 5. exd4 Be7 6. c3 O-O 7. Bd3 d6 8.
Nbd2 Nbd7 9. O-O b6 10. Re1 Bb7 11. Bh4 Rc8 12. Qe2 h6 13. h3 Qc7 14. Rac1 Qb8
15. Bc2 Ba8 16. Qd3 Rfe8 17. Bg3 a6 18. Re3 b5 19. b3 Nb6 20. Ree1 Nbd5 21. Bb1
b4 22. Ne4 Nxe4 23. Qxe4 Nf6 24. Qd3 Rxc3 25. Rxc3 bxc3 26. Qxc3 Rc8 27. Qe3
Bxf3 28. gxf3 Qc7 29. Kg2 Nd5 30. Qe4 Bf6 31. Qh7+ Kf8 32. Bxd6+ Qxd6 33. Qh8+
Ke7 34. Qxc8 Bxd4 35. Qc2 Nf4+ 36. Kf1 Nxh3 37. Rd1 Qb6 38. Rd2 a5 39. Qd3 e5
40. Qc2 g6 41. Qe4 Nf4 42. Rc2 Qa6+ 43. Rc4 f5 44. Qc6 Qxc6 45. Rxc6 h5 46. Rc2
Kf6 47. a3 h4 48. Kg1 Kg5 49. b4 axb4 50. axb4 Nd5 51. b5 Kf4 52. Kg2 g5 53.
Rd2 Nc3 54. Rxd4+ exd4 55. b6 Na4 56. b7 1-0

[Event "Madrid-ch Previa B"]
[Site "Madrid ESP"]
[Date "2014.03.01"]
[Round "9.13"]
[White "Martinez Carrasco, Jesus"]
[Black "Enfedaque Jimenez, Juan Carlos"]
[Result "0-1"]
[WhiteElo "1586"]
[BlackElo "1745"]
[PlyCount "62"]
[EventDate "2014.02.06"]
[EventType "swiss"]
[EventRounds "9"]
[EventCountry "ESP"]
[Source "lmi"]
[SourceDate "2014.02.06"]

1. d4 d5 2. c4 c6 3. Nc3 Nf6 4. Nf3 e6 5. Bg5 Nbd7 6. e3 Qa5 7. Nd2 dxc4 8.
Bxf6 Nxf6 9. Bxc4 b5 10. Bd3 b4 11. Nce4 Nxe4 12. Bxe4 Qb5 13. Rc1 Bb7 14. Nb3
Rc8 15. Bd3 Qg5 16. Qf3 Be7 17. O-O O-O 18. Nc5 Ba8 19. Rc4 a5 20. Rfc1 Rfd8
21. a3 bxa3 22. bxa3 e5 23. Qe4 g6 24. dxe5 Rd5 25. f4 Qg4 26. Bf1 Rcd8 27. Rd4
Kg7 28. Qd3 Rxd4 29. exd4 Qxf4 30. e6 Qxc1 31. exf7 Bxc5 0-1

[Event "Madrid-ch Previa B"]
[Site "Madrid ESP"]
[Date "2014.03.01"]
[Round "9.14"]
[White "Franco Rincon, David"]
[Black "Soto Martin, Miguel"]
[Result "1-0"]
[WhiteElo "1685"]
[BlackElo "1645"]
[PlyCount "81"]
[EventDate "2014.02.06"]
[EventType "swiss"]
[EventRounds "9"]
[EventCountry "ESP"]
[Source "lmi"]
[SourceDate "2014.02.06"]

1. e4 c5 2. Nf3 e6 3. d3 Nc6 4. g3 g6 5. Bg2 Bg7 6. c3 d5 7. Nbd2 Nf6 8. e5 Nd7
9. d4 O-O 10. O-O f6 11. exf6 Bxf6 12. Nb3 Qb6 13. dxc5 Nxc5 14. Be3 Be7 15.
Re1 a5 16. Bh3 Nd8 17. Ng5 a4 18. Nxc5 Bxc5 19. Qd2 Bxe3 20. Rxe3 Ra5 21. Rae1
Rb5 22. R1e2 Rf6 23. Qc2 Ra5 24. Nf3 Bd7 25. Nd4 Rc5 26. b4 axb3 27. axb3 Qd6
28. b4 Rc7 29. Qd1 e5 30. Bxd7 exd4 31. Re8+ Rf8 32. Be6+ Nxe6 33. R8xe6 Qd7
34. Qxd4 Qb5 35. R6e5 Rd7 36. h4 Qa6 37. R2e3 Qf6 38. f4 Rc8 39. Re8+ Rxe8 40.
Rxe8+ Kf7 41. Rf8+ 1-0

[Event "Madrid-ch Previa B"]
[Site "Madrid ESP"]
[Date "2014.03.01"]
[Round "9.15"]
[White "Ruiz Bazaga, Miriam"]
[Black "Garcia Carbonell, Francisco"]
[Result "0-1"]
[WhiteElo "1588"]
[BlackElo "1666"]
[PlyCount "92"]
[EventDate "2014.02.06"]
[EventType "swiss"]
[EventRounds "9"]
[EventCountry "ESP"]
[Source "lmi"]
[SourceDate "2014.02.06"]

1. e4 d5 2. exd5 Nf6 3. Nf3 Bg4 4. Nc3 Nxd5 5. Nxd5 Qxd5 6. Be2 Nc6 7. d4 e6 8.
O-O O-O-O 9. c3 h6 10. Qb3 Qd6 11. Be3 f5 12. Rfd1 g5 13. a4 f4 14. Bc1 Bg7 15.
Qc2 Qe7 16. b4 e5 17. Nxe5 Nxe5 18. dxe5 Rxd1+ 19. Qxd1 Bxe2 20. Qxe2 Re8 21.
Bd2 Bxe5 22. Re1 Qd7 23. a5 f3 24. Qd1 g4 25. g3 h5 26. Qc1 c5 27. Kf1 Bc7 28.
Rxe8+ Qxe8 29. Be3 Qb5+ 30. Kg1 cxb4 31. cxb4 Qxb4 32. Bd2 Qb5 33. Qe1 Kd7 34.
Bc3 Bd6 35. Qd2 Qb1+ 36. Qe1 Qxe1+ 37. Bxe1 Kc6 38. Bd2 Kb5 39. Kf1 Bb4 40. Be3
a6 41. Bb6 Bxa5 42. Bxa5 Kxa5 43. Ke1 Kb4 44. Kd2 Kc4 45. Kc2 a5 46. Kd2 a4 0-1

[Event "Madrid-ch Previa B"]
[Site "Madrid ESP"]
[Date "2014.03.01"]
[Round "9.16"]
[White "Melcon Diez, Enrique"]
[Black "Castro Uceda, Jose Antonio"]
[Result "1/2-1/2"]
[WhiteElo "1606"]
[BlackElo "1620"]
[PlyCount "135"]
[EventDate "2014.02.06"]
[EventType "swiss"]
[EventRounds "9"]
[EventCountry "ESP"]
[Source "lmi"]
[SourceDate "2014.02.06"]

1. c4 c5 2. Nc3 Nc6 3. Nf3 Nf6 4. d4 cxd4 5. Nxd4 Nxd4 6. Qxd4 e6 7. Bg5 Be7 8.
e4 d6 9. O-O-O O-O 10. Be2 Qa5 11. f4 Re8 12. Kb1 e5 13. Qe3 Qb4 14. Bxf6 Bxf6
15. Nd5 Qc5 16. Qxc5 dxc5 17. Nc7 Kf8 18. Nxe8 Kxe8 19. g3 b6 20. Rd2 Bb7 21.
Bf3 g5 22. Rd6 Be7 23. Rh6 exf4 24. gxf4 gxf4 25. Rxh7 Bf6 26. Rh5 Rd8 27. Kc2
Rd4 28. Rf5 Bg7 29. Rxf4 Rxc4+ 30. Kb1 Rb4 31. b3 c4 32. Kc2 a5 33. Bh5 cxb3+
34. axb3 Bxe4+ 35. Rxe4+ Rxe4 36. Rf1 Re7 37. Rf3 Kf8 38. h3 Be5 39. Bg4 f6 40.
Bf5 b5 41. Rd3 a4 42. bxa4 bxa4 43. Bd7 a3 44. Kb3 Bb2 45. Bg4 Ra7 46. Ka2 Ra5
47. Rf3 Rc5 48. Rf1 Kg7 49. Bf5 Kh6 50. Rf3 Kg5 51. Be6 Rc2 52. Rf1 Rc5 53. Rh1
Kh4 54. Rf1 Rc6 55. Bf5 Rc5 56. Be6 Kg5 57. Bd7 f5 58. h4+ Kg4 59. h5 Kxh5 60.
Rxf5+ Rxf5 61. Bxf5 Kg5 62. Be6 Kf4 63. Kb1 Ke3 64. Kc2 Kd4 65. Bf7 Kc5 66. Bg8
Kb4 67. Bf7 Bc3 68. Bg8 1/2-1/2

[Event "Madrid-ch Previa B"]
[Site "Madrid ESP"]
[Date "2014.03.01"]
[Round "9.19"]
[White "Melcon Mediavilla, Rodrigo"]
[Black "Mosteiro Montoro, Alvaro"]
[Result "1-0"]
[WhiteElo "1446"]
[BlackElo "1654"]
[PlyCount "57"]
[EventDate "2014.02.06"]
[EventType "swiss"]
[EventRounds "9"]
[EventCountry "ESP"]
[Source "lmi"]
[SourceDate "2014.02.06"]

1. e4 c5 2. Nf3 Nc6 3. d4 cxd4 4. Nxd4 Nf6 5. Nc3 e6 6. Bg5 a6 7. Nf3 Be7 8.
Be2 d6 9. O-O O-O 10. h3 b5 11. a3 Bb7 12. Re1 Ne8 13. Qd2 Nd4 14. Bxe7 Nxf3+
15. Bxf3 Qxe7 16. a4 b4 17. Ne2 a5 18. c3 bxc3 19. Qxc3 Nf6 20. Nd4 Rfc8 21.
Qd3 Nd7 22. Nb5 Ra6 23. Rad1 Ne5 24. Qa3 Rd8 25. Kh2 Nxf3+ 26. Qxf3 d5 27. exd5
Bxd5 28. Rxd5 Rxd5 29. Qxd5 1-0